[Event "SPECIFY 7"]
[Site "SchemingMind.com"]
[Date "2014.08.01"]
[Round "-"]
[White "Steven DuCharme"]
[Black "emvarela"]
[Result "1-0"]
[WhiteCountry "USA"]
[BlackCountry "ARG"]
[WhiteElo "1721"]
[WhiteRD "86"]
[BlackElo "1660"]
[BlackRD "50"]
[GameID "362165"]

1. Nf3 d5 2. b3 c5 3. Bb2 Nc6 4. h3 e6 5. g3 Nf6 6. Bg2 Be7 7. O-O O-O 8. d3 a6 9. Nbd2 Bd7 10. c3 b5
11. e4 dxe4 12. Nxe4 Nxe4 13. dxe4 e5 14. Qd5 Qc7 15. Rad1 Be6 16. Qd2 Rad8 17. Qe3 Rxd1 18. Rxd1 Rd8 19. Rxd8+ Qxd8 20. Qd2 Qxd2
21. Nxd2 c4 22. b4 a5 23. a3 axb4 24. cxb4 Nd4 25. Kf1 Bf6 26. f4 exf4 27. gxf4 Nc2 28. e5 Be7 29. Ke2 Bd7 30. Be4 Nxb4
31. axb4 Bxb4 32. Nb1 Bxh3 33. Bc6 Bf5 34. Nc3 Bd3+ 35. Kd1 Bxc3 36. Bxc3 h5 37. Bxb5 h4 38. Bc6 h3 39. Ke1 g6 40. Kf2 Kh7
41. Bf3 Kh6 42. Bg4 Bf5 43. Bxf5 gxf5 44. Kg3 Kg6 45. Kxh3 Kh6 46. Kh4 Kg6 47. Bd4 Kh6 48. Kg3 Kh5 49. Be3 c3 50. Kf2 Kg4
51. Bc1
1-0

[Event "SPECIFY 7"]
[Site "SchemingMind.com"]
[Date "2014.08.01"]
[Round "-"]
[White "emvarela"]
[Black "Steven DuCharme"]
[Result "1/2-1/2"]
[WhiteCountry "ARG"]
[BlackCountry "USA"]
[WhiteElo "1695"]
[WhiteRD "49"]
[BlackElo "1728"]
[BlackRD "78"]
[GameID "362166"]

1. e4 d6 2. d4 Nf6 3. Nc3 a6 4. f4 g6 5. Nf3 Bg7 6. Bd3 c6 7. O-O Nbd7 8. Bd2 O-O 9. e5 dxe5 10. dxe5 Nd5
11. Nxd5 cxd5 12. c4 Nc5 13. Bc3 Nxd3 14. Qxd3 dxc4 15. Qxc4 Be6 16. Qe2 Rc8 17. Rfd1 Qc7 18. Nd4 Qc5 19. Kh1 b5 20. Nxe6 fxe6
21. Rd7 Rfd8 22. Rad1 Rxd7 23. Rxd7 b4 24. Be1 a5 25. Qd2 Kf7 26. h3 Qc1 27. Kh2 Qxd2 28. Rxd2 Rc1 29. Bf2 g5 30. fxg5 Bxe5+
31. Bg3 Rc5 32. Bxe5 Rxe5 33. h4 Kg6 34. g3 h6 35. gxh6 Kxh6 36. Kh3 Re4 37. Rd7 Re2 38. Rxe7 Rxb2=
1/2-1/2

[Event "SPECIFY 7"]
[Site "SchemingMind.com"]
[Date "2014.07.27"]
[Round "-"]
[White "Steven DuCharme"]
[Black "Phillip Beckett"]
[Result "1-0"]
[WhiteCountry "USA"]
[BlackCountry "ENG"]
[WhiteElo "1636"]
[WhiteRD "62"]
[BlackElo "1531"]
[BlackRD "49"]
[GameID "362174"]

1. e4 c5 2. b3 Nc6 3. Bb2 d6 4. h3 Nf6 5. d3 g6 6. Nf3 Bg7 7. Be2 O-O 8. Nbd2 e5 9. O-O Nd4 10. Nxd4 cxd4
11. f4 Ne8 12. Nf3 f5 13. Qd2 fxe4 14. dxe4 Nf6 15. Bc4+ Kh8 16. Rae1 a6 17. fxe5 dxe5 18. Nxe5 Nh5 19. Rxf8+ Qxf8 20. Nf7+ Kg8
21. Bxd4 b5 22. Bxg7 Qxg7 23. Nh6+ Kh8 24. Qd8+
1-0

[Event "SPECIFY 7"]
[Site "SchemingMind.com"]
[Date "2014.07.27"]
[Round "-"]
[White "Phillip Beckett"]
[Black "Steven DuCharme"]
[Result "1/2-1/2"]
[WhiteCountry "ENG"]
[BlackCountry "USA"]
[WhiteElo "1531"]
[WhiteRD "49"]
[BlackElo "1636"]
[BlackRD "62"]
[GameID "362175"]

1. e4 c5 2. Nf3 d6 3. d4 cxd4 4. Nxd4 Nf6 5. Nc3 g6 6. Be3 Bg7 7. f3 h5 8. Qd2 a6 9. O-O-O Nbd7 10. Kb1 Ne5
11. h4 Bd7 12. Be2 Rc8 13. g4 Nc4 14. Bxc4 Rxc4 15. gxh5 Rxh5 16. Nde2 b5 17. Ng3 b4 18. Nxh5 Nxh5 19. Nd5 a5 20. Nf4 Nxf4
21. Bxf4 Qc8 22. h5 gxh5 23. Rxh5 f5 24. Bh6 Bh8 25. exf5 Bxf5 26. Rxf5 Qxf5 27. Qd3 Qxd3 28. Rxd3 Rh4 29. Bc1 Rh1 30. c3 Kf7
31. Kc2 bxc3 32. bxc3 a4 33. Ba3 Rh2+ 34. Rd2 Rxd2+ 35. Kxd2 Ke6 36. Kd3 Kd5 37. Bc1 e5= 38. c4+ Kc5 39. Ba3+ Kc6 40. Ke4 Bg7
41. f4 exf4 42. Kxf4 Bd4 43. Ke4 Bc5= 44. Bb2 a3= 45. Bc1 Bb4 46. Kd4 Bc5+=
1/2-1/2

[Event "SPECIFY 7"]
[Site "SchemingMind.com"]
[Date "2014.07.29"]
[Round "-"]
[White "Steven DuCharme"]
[Black "Scooter"]
[Result "0-1"]
[WhiteCountry "USA"]
[BlackCountry "USA"]
[WhiteElo "1636"]
[WhiteRD "62"]
[BlackElo "1759"]
[BlackRD "45"]
[GameID "362217"]

1. c4 Nf6 2. b3 g6 3. Bb2 Bg7 4. e3 O-O 5. Bd3 b6 6. Ne2 Bb7 7. O-O d5 8. Na3 c5 9. Rb1 e6 10. Ng3 Nbd7
11. Be2 Qc7 12. Nb5 Qd8 13. f3 Bc6 14. a4 Bxb5 15. axb5 Re8 16. d4 dxc4 17. Bxc4 cxd4 18. Bxd4 Nc5 19. b4 Nb7 20. Qb3 Nd6
21. Rfd1 Rc8 22. Bd3 Qe7 23. Ne4 Ndxe4 24. Bxe4 Nxe4 25. fxe4 Qh4 26. Bxg7 Kxg7 27. Rd4 Red8 28. g3 Qg5 29. Re1 Qxb5 30. Rxd8 Rxd8
31. Qc3+ Kg8 32. Kf2 Rd3 33. Qc8+ Kg7 34. Qc2 Qd7 35. Qb2+ f6 36. h4 Rd2+
0-1

[Event "SPECIFY 7"]
[Site "SchemingMind.com"]
[Date "2014.07.29"]
[Round "-"]
[White "Scooter"]
[Black "Steven DuCharme"]
[Result "0-1"]
[WhiteCountry "USA"]
[BlackCountry "USA"]
[WhiteElo "1759"]
[WhiteRD "45"]
[BlackElo "1636"]
[BlackRD "62"]
[GameID "362218"]

1. d4 g6 2. Nf3 Bg7 3. Bf4 Nf6 4. e3 O-O 5. Nbd2 d6 6. Be2 b6 7. O-O Bb7 8. Rc1 Nbd7 9. h3 Re8 10. c4 e5
11. dxe5 dxe5 12. Bg5 h6 13. Bxf6 Bxf6 14. b3 Nc5 15. b4 Ne4 16. Qc2 Nxd2 17. Qxd2 Bxf3 18. Qxd8 Raxd8 19. Bxf3 e4 20. Be2 Rd2
21. Bg4 h5 22. Bd7 Rxd7
0-1

[Event "SPECIFY 7"]
[Site "SchemingMind.com"]
[Date "2014.08.02"]
[Round "-"]
[White "emvarela"]
[Black "Scooter"]
[Result "1-0"]
[WhiteCountry "ARG"]
[BlackCountry "USA"]
[WhiteElo "1693"]
[WhiteRD "51"]
[BlackElo "1731"]
[BlackRD "44"]
[GameID "362219"]

1. e4 c6 2. d4 d5 3. Nc3 dxe4 4. Nxe4 Bf5 5. Ng3 Bg6 6. h4 h6 7. Nf3 Nd7 8. h5 Bh7 9. Bd3 Bxd3 10. Qxd3 Qc7
11. Bd2 O-O-O 12. O-O-O Ngf6 13. Ne4 e6 14. Nxf6 Nxf6 15. g3 Bd6 16. c4 Ng4 17. Be3 Nxe3 18. Qxe3 Rhe8 19. c5 Be7 20. Ne5 Bg5
21. f4 Bf6 22. Nc4 Be7 23. Qe5 Qxe5 24. dxe5 Bxc5 25. g4 Rxd1+ 26. Rxd1 b5 27. Nd6+ Bxd6 28. Rxd6 Kc7 29. b4 Rd8 30. Rxd8 Kxd8
31. Kd2 Kc7 32. Kd3 c5 33. bxc5 Kc6 34. Kd4 a5 35. g5 b4 36. gxh6 gxh6 37. Kc4 a4 38. Kxb4 a3 39. Kc4 Kb7 40. Kb5 Kc7
41. c6
1-0

[Event "SPECIFY 7"]
[Site "SchemingMind.com"]
[Date "2014.08.02"]
[Round "-"]
[White "Scooter"]
[Black "emvarela"]
[Result "1/2-1/2"]
[WhiteCountry "USA"]
[BlackCountry "ARG"]
[WhiteElo "1759"]
[WhiteRD "48"]
[BlackElo "1700"]
[BlackRD "51"]
[GameID "362220"]

1. d4 Nf6 2. Nf3 d5 3. Bg5 e6 4. e3 h6 5. Bxf6 Qxf6 6. Nbd2 c5 7. Bb5+ Bd7 8. Bxd7+ Nxd7 9. c3 cxd4 10. cxd4 Bb4
11. O-O Bxd2 12. Qxd2 O-O 13. Rac1 Rac8 14. Qb4 b6 15. Qd2 e5 16. dxe5 Nxe5 17. Nxe5 Qxe5 18. Rxc8 Rxc8 19. Rc1 Rxc1+ 20. Qxc1 Qe6
21. Qc7 a5 22. b3 Qg6 23. h3 Qb1+ 24. Kh2 Qxa2 25. Qxb6 Qxf2 26. Qd8+ Kh7 27. Qxd5 Qxe3 28. Qxf7 Qe5+ 29. Kg1 Qe3+=
1/2-1/2

[Event "SPECIFY 7"]
[Site "SchemingMind.com"]
[Date "2014.07.28"]
[Round "-"]
[White "Phillip Beckett"]
[Black "Scooter"]
[Result "0-1"]
[WhiteCountry "ENG"]
[BlackCountry "USA"]
[WhiteElo "1531"]
[WhiteRD "49"]
[BlackElo "1759"]
[BlackRD "45"]
[GameID "362221"]

1. e4 c6 2. d4 d5 3. Nc3 dxe4 4. Nxe4 Bf5 5. Ng3 Bg6 6. Nf3 Nd7 7. c3 Qc7 8. Bd3 O-O-O 9. Bg5 Bxd3 10. Qxd3 Ngf6
11. O-O-O e6 12. Ne4 Nxe4 13. Bxd8 Nxf2 14. Qc2 Qf4+ 15. Kb1 Nxd1 16. Bg5 Nxc3+ 17. Qxc3 Qe4+ 18. Ka1 h6 19. Bh4 g5 20. Bg3 Bg7
21. Re1 Qd5 22. Ne5 Nxe5 23. dxe5 Rd8 24. a3 Qd4 25. Qxd4 Rxd4 26. Kb1 Kd7 27. Bf2 Ra4 28. Rd1+ Kc7 29. Bg3 h5 30. Rf1 Rd4
31. Rxf7+ Rd7 32. Rxd7+ Kxd7 33. h3 c5 34. Kc2 Kc6 35. Kd3 Kd5 36. b4 cxb4 37. axb4 Bxe5 38. Bf2 a6 39. Bc5 Bd6 40. Bxd6 Kxd6
41. Kd4 e5+ 42. Ke4 b6 43. g4 hxg4 44. hxg4 a5
0-1

[Event "SPECIFY 7"]
[Site "SchemingMind.com"]
[Date "2014.07.28"]
[Round "-"]
[White "Scooter"]
[Black "Phillip Beckett"]
[Result "1-0"]
[WhiteCountry "USA"]
[BlackCountry "ENG"]
[WhiteElo "1759"]
[WhiteRD "45"]
[BlackElo "1531"]
[BlackRD "49"]
[GameID "362222"]

1. d4 e5 2. dxe5 Nc6 3. Nf3 Qe7 4. e3 Nxe5 5. Nxe5 Qxe5 6. Nc3 Bb4 7. Bd2 Nf6 8. Be2 O-O 9. O-O d6 10. a3 Ba5
11. Rb1 Bb6 12. Na4 Ne4 13. Nxb6 axb6 14. Bf3 Nxd2 15. Qxd2 Bf5 16. Bxb7 Rab8 17. Bc6 Be4 18. Bxe4 f5 19. Qd5+ Qxd5 20. Bxd5+ Kh8
21. b4 f4 22. exf4 Rxf4 23. g3 Rf6 24. Bc6 Rbf8 25. Rbe1 Rd8 26. Re7 Rdf8 27. Rxc7 R6f7 28. Rxf7 Rxf7 29. Re1 h6 30. Bd5 Rc7
31. c4 Kh7 32. Re6
1-0

[Event "SPECIFY 7"]
[Site "SchemingMind.com"]
[Date "2014.08.02"]
[Round "-"]
[White "Steven DuCharme"]
[Black "alexyongpohweng"]
[Result "1-0"]
[WhiteCountry "USA"]
[BlackCountry "MAS"]
[WhiteElo "1654"]
[WhiteRD "69"]
[BlackElo "1102"]
[BlackRD "55"]
[GameID "362422"]

1. e4 e5 2. f4 exf4 3. Bc4 Nf6 4. Nc3 Be7 5. Nf3 O-O 6. d4 d6 7. Bxf4 c6 8. O-O b5 9. Bd3 a5 10. a3 a4
11. h3 Ba6 12. b4
1-0

[Event "SPECIFY 7"]
[Site "SchemingMind.com"]
[Date "2014.08.02"]
[Round "-"]
[White "alexyongpohweng"]
[Black "Steven DuCharme"]
[Result "0-1"]
[WhiteCountry "MAS"]
[BlackCountry "USA"]
[WhiteElo "1102"]
[WhiteRD "55"]
[BlackElo "1654"]
[BlackRD "69"]
[GameID "362423"]

1. e4 d6 2. d4 g6 3. Nf3 Bg7 4. Be3 e6 5. Bd3 h6 6. O-O Ne7 7. Nc3 a6 8. Rc1 b6 9. b3 Bb7 10. e5 O-O
11. Ne4 dxe5 12. dxe5 Bxe4
0-1

[Event "SPECIFY 7"]
[Site "SchemingMind.com"]
[Date "2014.08.02"]
[Round "-"]
[White "alexyongpohweng"]
[Black "Scooter"]
[Result "0-1"]
[WhiteCountry "MAS"]
[BlackCountry "USA"]
[WhiteElo "1102"]
[WhiteRD "55"]
[BlackElo "1752"]
[BlackRD "44"]
[GameID "362428"]

1. e4 c6 2. d4 d5 3. e5 Bf5 4. Nf3 e6 5. h3 h6 6. Be2 Nd7 7. O-O c5 8. dxc5 Bxc5 9. c3 Qc7 10. b4 Bb6
11. a4 a6 12. a5 Ba7 13. Na3 Qxc3
0-1

[Event "SPECIFY 7"]
[Site "SchemingMind.com"]
[Date "2014.08.02"]
[Round "-"]
[White "Scooter"]
[Black "alexyongpohweng"]
[Result "1-0"]
[WhiteCountry "USA"]
[BlackCountry "MAS"]
[WhiteElo "1752"]
[WhiteRD "44"]
[BlackElo "1102"]
[BlackRD "55"]
[GameID "362429"]

1. d4 d5 2. Bf4 Nf6 3. e3 g6 4. Nf3 Bg7 5. Be2 O-O 6. O-O Nc6 7. Nbd2 b6 8. a3 Bb7 9. h3 e6 10. c4 dxc4
11. Bxc4 a6 12. b4 b5 13. Bb3
1-0

[Event "SPECIFY 7"]
[Site "SchemingMind.com"]
[Date "2014.08.08"]
[Round "-"]
[White "Steven DuCharme"]
[Black "Helga1946"]
[Result "0-1"]
[WhiteCountry "USA"]
[BlackCountry "GER"]
[WhiteElo "1636"]
[WhiteRD "62"]
[BlackElo "1989"]
[BlackRD "108"]
[GameID "362746"]

1. e4 e5 2. Nf3 Nf6 3. Nc3 Nc6 4. Bc4 Nxe4 5. Nxe4 d5 6. Qe2 dxc4 7. Qxc4 Be7 8. O-O Be6 9. Qb5 a6 10. Qxb7 Na5
11. Qxa8 Qxa8
0-1

[Event "SPECIFY 7"]
[Site "SchemingMind.com"]
[Date "2014.08.08"]
[Round "-"]
[White "Helga1946"]
[Black "Steven DuCharme"]
[Result "1-0"]
[WhiteCountry "GER"]
[BlackCountry "USA"]
[WhiteElo "1989"]
[WhiteRD "108"]
[BlackElo "1636"]
[BlackRD "62"]
[GameID "362747"]

1. e4 d6 2. d4 Nf6 3. Nc3 Nbd7 4. Nf3 g6 5. e5 dxe5 6. dxe5 Nh5 7. Be3 e6 8. Qd2 Nb6 9. Qxd8+ Kxd8 10. O-O-O+ Ke8
11. Nb5 Nd5 12. Rxd5
1-0

[Event "SPECIFY 7"]
[Site "SchemingMind.com"]
[Date "2014.08.11"]
[Round "-"]
[White "emvarela"]
[Black "Helga1946"]
[Result "0-1"]
[WhiteCountry "ARG"]
[BlackCountry "GER"]
[WhiteElo "1695"]
[WhiteRD "49"]
[BlackElo "2195"]
[BlackRD "77"]
[GameID "362750"]

1. e4 c5 2. Nf3 d6 3. d4 cxd4 4. Nxd4 Nf6 5. Nc3 a6 6. Be3 e5 7. Nb3 Be6 8. Bd3 Nc6 9. O-O Be7 10. Qe2 Nb4
11. a3 Nxd3 12. Qxd3 Rc8 13. Rfd1 Bc4 14. Qd2 Ng4 15. h3 Nxe3 16. Qxe3 Bg5 17. Qg3 O-O 18. Nd2 Be6 19. Nf3 Bf4 20. Qh4 f6
21. g3 Bg5 22. Nxg5 fxg5 23. Qh5 Qb6 24. Rf1 Qxb2 25. Nd5 Bxd5 26. exd5 Rxc2 27. Rab1 Qd4 28. Rxb7 Rcxf2
0-1

[Event "SPECIFY 7"]
[Site "SchemingMind.com"]
[Date "2014.08.11"]
[Round "-"]
[White "Helga1946"]
[Black "emvarela"]
[Result "1-0"]
[WhiteCountry "GER"]
[BlackCountry "ARG"]
[WhiteElo "2195"]
[WhiteRD "77"]
[BlackElo "1695"]
[BlackRD "49"]
[GameID "362751"]

1. e4 e5 2. Nf3 Nc6 3. Bb5 a6 4. Ba4 Nf6 5. O-O Be7 6. Re1 b5 7. Bb3 O-O 8. c3 d6 9. h3 Na5 10. Bc2 c5
11. d4 cxd4 12. cxd4 Qc7 13. dxe5 dxe5 14. Nc3 Bb7 15. Bg5 h6 16. Bxf6 Bxf6 17. Nd5 Bxd5 18. exd5 Rac8 19. Rc1 Nc4 20. Bf5 Rcd8
21. b3 Qa5 22. bxc4 bxc4 23. Rxc4 Rxd5 24. Qe2 Rfd8 25. Bc2 Rc5 26. Rxc5 Qxc5 27. Bb3 Re8 28. Qxa6 e4 29. Rxe4 Qc1+ 30. Ne1 Rxe4
31. Qa8+ Kh7 32. Qxe4+ Kg8 33. Qe8+
1-0

[Event "SPECIFY 7"]
[Site "SchemingMind.com"]
[Date "2014.08.08"]
[Round "-"]
[White "Phillip Beckett"]
[Black "Helga1946"]
[Result "0-1"]
[WhiteCountry "ENG"]
[BlackCountry "GER"]
[WhiteElo "1531"]
[WhiteRD "49"]
[BlackElo "1989"]
[BlackRD "108"]
[GameID "362752"]

1. e4 c5 2. Nf3 d6 3. d4 cxd4 4. Nxd4 Nf6 5. Nc3 Nc6 6. Be2 g6 7. O-O Bg7 8. Be3 O-O 9. f4 Qb6 10. Nf5 Qxb2
11. Nxg7 Qxc3 12. Bd3 Kxg7 13. e5 dxe5 14. fxe5 Nxe5 15. Qc1 Rd8 16. Bh6+ Kg8 17. Bd2 Qd4+ 18. Be3 Nxd3 19. Bxd4 Nxc1 20. Bxf6 Ne2+
21. Kf2 exf6 22. Kxe2 Bg4+
0-1

[Event "SPECIFY 7"]
[Site "SchemingMind.com"]
[Date "2014.08.08"]
[Round "-"]
[White "Helga1946"]
[Black "Phillip Beckett"]
[Result "1-0"]
[WhiteCountry "GER"]
[BlackCountry "ENG"]
[WhiteElo "1989"]
[WhiteRD "108"]
[BlackElo "1531"]
[BlackRD "49"]
[GameID "362753"]

1. Nf3 Nf6 2. d4 d5 3. c4 e6 4. Nc3 Be7 5. Bg5 h6 6. Bxf6 Bxf6 7. e3 c6 8. Be2 dxc4 9. Bxc4 Nd7 10. O-O O-O
11. Qc2 e5 12. Rad1 exd4 13. Nxd4 Qe7 14. Nf5 Qe5 15. f4 Qa5 16. b4 Qxb4 17. Ne4 Qb2 18. Nxf6+ Qxf6 19. Rd6 Qd8 20. Nxh6+ Kh8
21. Qf5 Qb6 22. Nxf7+ Rxf7 23. Qh5+ Kg8 24. Qxf7+ Kh8 25. Qg8#
1-0

[Event "SPECIFY 7"]
[Site "SchemingMind.com"]
[Date "2014.08.08"]
[Round "-"]
[White "Scooter"]
[Black "Helga1946"]
[Result "0-1"]
[WhiteCountry "USA"]
[BlackCountry "GER"]
[WhiteElo "1759"]
[WhiteRD "45"]
[BlackElo "1989"]
[BlackRD "108"]
[GameID "362754"]

1. d4 c6 2. Nf3 Nf6 3. Bf4 Qb6 4. b3 e6 5. e3 Nd5 6. Be2 Bb4+ 7. Nfd2 Nxf4 8. exf4 Qxd4 9. c3 Qf6 10. g3 Bxc3
0-1

[Event "SPECIFY 7"]
[Site "SchemingMind.com"]
[Date "2014.08.08"]
[Round "-"]
[White "Helga1946"]
[Black "Scooter"]
[Result "1-0"]
[WhiteCountry "GER"]
[BlackCountry "USA"]
[WhiteElo "1989"]
[WhiteRD "108"]
[BlackElo "1759"]
[BlackRD "45"]
[GameID "362755"]

1. d4 Nf6 2. c4 g6 3. Nc3 Bg7 4. e4 d6 5. e5 dxe5 6. Nf3 exd4 7. Qxd4 Qxd4 8. Nxd4 O-O 9. Be3 b6 10. Be2 Bb7
11. Ndb5 Bxg2 12. Rg1 a6 13. Nxc7 Ra7 14. Rxg2 Rxc7 15. Bxb6 Rb7 16. c5 Nbd7 17. Bxa6 Rbb8 18. Bc7 Rxb2 19. O-O-O Nxc5 20. Kxb2 Nxa6
21. Be5 Nc5 22. f3 Ncd7 23. f4 Nxe5 24. fxe5 Nh5 25. Re2 Rb8+ 26. Kc2 Nf4 27. Re4 g5 28. a4 Ne6 29. Rd5 Nf4 30. Rc5 Rd8
31. Rec4 h6 32. a5 Nd3 33. Rc8 Ne1+ 34. Kb1 Rxc8 35. Rxc8+ Kh7 36. a6
1-0

[Event "SPECIFY 7"]
[Site "SchemingMind.com"]
[Date "2014.08.08"]
[Round "-"]
[White "Steven DuCharme"]
[Black "David Perna-Fraser"]
[Result "0-1"]
[WhiteCountry "USA"]
[BlackCountry "CAN"]
[WhiteElo "1636"]
[WhiteRD "62"]
[BlackElo "2011"]
[BlackRD "112"]
[GameID "362757"]

1. b3 f5 2. Bb2 e6 3. g3 Nf6 4. Bg2 Nc6 5. Nf3 Be7 6. O-O O-O 7. d3 d6 8. Nbd2 e5 9. a3 f4 10. Re1 fxg3
11. hxg3 Qe8 12. Nh2 Qh5 13. Bf3 Ng4 14. Nxg4 Bxg4 15. Bxg4 Qxg4 16. e3 Qf5 17. f4 exf4 18. exf4 Bf6 19. Bxf6 Rxf6 20. Ne4 Rh6
21. Nf2 Rg6 22. Qf3 Nd4 23. Qxb7 Rf8 24. Re3 Nxc2
0-1

[Event "SPECIFY 7"]
[Site "SchemingMind.com"]
[Date "2014.08.07"]
[Round "-"]
[White "David Perna-Fraser"]
[Black "Steven DuCharme"]
[Result "1-0"]
[WhiteCountry "CAN"]
[BlackCountry "USA"]
[WhiteElo "2011"]
[WhiteRD "112"]
[BlackElo "1636"]
[BlackRD "62"]
[GameID "362758"]

1. e4 c6 2. d4 d5 3. exd5 Qxd5 4. Nc3 Qd8 5. Nf3 Nf6 6. Bc4 e6 7. O-O Be7 8. Re1 O-O 9. Ne2 b5 10. Bd3 a5
11. Nf4 Bb7 12. Qe2 Nbd7 13. Nxe6 fxe6 14. Qxe6+
1-0

[Event "SPECIFY 7"]
[Site "SchemingMind.com"]
[Date "2014.08.11"]
[Round "-"]
[White "emvarela"]
[Black "David Perna-Fraser"]
[Result "0-1"]
[WhiteCountry "ARG"]
[BlackCountry "CAN"]
[WhiteElo "1686"]
[WhiteRD "48"]
[BlackElo "2203"]
[BlackRD "58"]
[GameID "362761"]

1. e4 e5 2. Nf3 Nf6 3. Nxe5 d6 4. Nf3 Nxe4 5. d4 d5 6. Bd3 Bd6 7. O-O O-O 8. c4 c6 9. Nc3 Nxc3 10. bxc3 dxc4
11. Bxc4 Bg4 12. h3 Bh5 13. g4 Bg6 14. Bd3 Nd7 15. Bxg6 hxg6 16. Be3 Nf6 17. Qd3 Re8 18. Rfe1 Qd7 19. Bg5 Nxg4 20. hxg4 Qxg4+
21. Kf1 Qh3+
0-1

[Event "SPECIFY 7"]
[Site "SchemingMind.com"]
[Date "2014.08.11"]
[Round "-"]
[White "David Perna-Fraser"]
[Black "emvarela"]
[Result "1-0"]
[WhiteCountry "CAN"]
[BlackCountry "ARG"]
[WhiteElo "2253"]
[WhiteRD "56"]
[BlackElo "1695"]
[BlackRD "49"]
[GameID "362762"]

1. e4 e5 2. Nf3 Nc6 3. Bc4 Bc5 4. O-O Qf6 5. Nc3 Nge7 6. d3 d6 7. Nb5 Kd8 8. Bg5 Qg6 9. a4 a6 10. Nc3 f6
11. Be3 Bxe3 12. fxe3 Bg4 13. Qe1 Bxf3 14. Rxf3 Rf8 15. Rg3 Qh6 16. Rh3 Qg6 17. Qg3 Qxg3 18. Rxg3 g6 19. Rf1 Kd7 20. Rgf3 f5
21. exf5 gxf5 22. g4 Rf6 23. gxf5 Raf8 24. Be6+ Ke8 25. Ne4 Rh6 26. f6 Nd5 27. Bxd5 Rg6+ 28. Kh1 Nd8 29. Ng3 c6 30. Be4 Rh6
31. Nf5 Rhxf6 32. Nxd6+
1-0

[Event "SPECIFY 7"]
[Site "SchemingMind.com"]
[Date "2014.08.08"]
[Round "-"]
[White "Phillip Beckett"]
[Black "David Perna-Fraser"]
[Result "0-1"]
[WhiteCountry "ENG"]
[BlackCountry "CAN"]
[WhiteElo "1531"]
[WhiteRD "49"]
[BlackElo "2011"]
[BlackRD "112"]
[GameID "362763"]

1. e4 e5 2. Nf3 Nf6 3. Nxe5 d6 4. Nf3 Nxe4 5. Qe2 Qe7 6. d3 Nf6 7. Bg5 Qxe2+ 8. Bxe2 Be7 9. Nc3 h6 10. Bd2 O-O
11. O-O-O Nc6 12. Rhe1 Be6 13. h3 a6 14. Bf1 b5 15. Ne4 Nxe4 16. Rxe4 Bf6 17. b3 Bd5 18. Ree1 Bxf3 19. gxf3 b4 20. Bg2 a5
21. f4 Ra6 22. Re2 a4 23. Rde1 axb3 24. cxb3 Nd4 25. Re8 Rxa2 26. Bxb4 Nxb3+ 27. Kd1 c5 28. Rxf8+ Kxf8 29. Bxc5 Rd2#
0-1

[Event "SPECIFY 7"]
[Site "SchemingMind.com"]
[Date "2014.08.07"]
[Round "-"]
[White "David Perna-Fraser"]
[Black "Phillip Beckett"]
[Result "1-0"]
[WhiteCountry "CAN"]
[BlackCountry "ENG"]
[WhiteElo "2011"]
[WhiteRD "112"]
[BlackElo "1531"]
[BlackRD "49"]
[GameID "362764"]

1. f4 e5 2. fxe5 d6 3. exd6 Bxd6 4. Nf3 g5 5. d4 g4 6. Ne5 Bxe5 7. dxe5 Qxd1+ 8. Kxd1 Nc6 9. Bf4 Bf5 10. Nc3 O-O-O+
11. Kc1 f6 12. e4 Be6 13. exf6 Nxf6 14. b3 Nh5 15. Bg5 Rde8 16. Bb5 Bd7 17. Kb2 a6 18. Bd3 Ne5 19. Rhf1 Nxd3+ 20. cxd3 Rhf8
21. Nd5 Bc6 22. Ne7+ Kd7 23. Nxc6 Kxc6 24. Rac1+ Kd7 25. Be3 Ng7 26. Bc5 Rxf1 27. Rxf1 Ne6 28. Rf7+ Kc6 29. Be3 h5 30. Rh7 Rf8
31. Rxh5 Rf1 32. d4 Re1 33. d5+ Kb5 34. a4+ Kb4 35. Bd2+
1-0

[Event "SPECIFY 7"]
[Site "SchemingMind.com"]
[Date "2014.08.08"]
[Round "-"]
[White "Scooter"]
[Black "David Perna-Fraser"]
[Result "0-1"]
[WhiteCountry "USA"]
[BlackCountry "CAN"]
[WhiteElo "1759"]
[WhiteRD "45"]
[BlackElo "2011"]
[BlackRD "112"]
[GameID "362765"]

1. d4 f5 2. Nf3 Nf6 3. Bf4 e6 4. e3 Be7 5. Nbd2 O-O 6. Be2 b6 7. O-O Bb7 8. h3 Nd5 9. Bh2 Nc6 10. c4 Nf6
11. Ne5 Nxe5 12. Bxe5 d6 13. Bxf6 Bxf6 14. Rb1 Qe8 15. Bf3 Bxf3 16. Nxf3 e5 17. dxe5 dxe5 18. b3 Rd8 19. Qc2 e4 20. Nd2 Rd3
21. Rbd1 Qd7 22. Nb1 Rd8 23. Rxd3 exd3 24. Qd2 Qe7 25. Qd1 Qb4 26. Qd2 Qd6 27. Nc3 c6 28. f3 Qc5 29. Na4 Qe7 30. Nb2 Bxb2
31. Qxb2 Qxe3+ 32. Qf2 f4 33. Re1 d2 34. Rd1 b5 35. c5 Qxf2+ 36. Kxf2 b4 37. Ke2 Kf7 38. Rxd2 Rxd2+ 39. Kxd2 Ke6 40. Kd3 Kd5
41. h4 h5
0-1

[Event "SPECIFY 7"]
[Site "SchemingMind.com"]
[Date "2014.08.07"]
[Round "-"]
[White "David Perna-Fraser"]
[Black "Scooter"]
[Result "1/2-1/2"]
[WhiteCountry "CAN"]
[BlackCountry "USA"]
[WhiteElo "2011"]
[WhiteRD "112"]
[BlackElo "1759"]
[BlackRD "45"]
[GameID "362766"]

1. e4 c6 2. d4 d5 3. exd5 cxd5 4. Bd3 Nf6 5. Nf3 Bg4 6. h3 Bxf3 7. Qxf3 e6 8. O-O Be7 9. Qg3 g6 10. Bh6 Nc6
11. c3 Qb6 12. b3 O-O-O 13. Nd2 Qc7 14. Qxc7+ Kxc7 15. Rfe1 Bf8 16. Bg5 Be7 17. Nf3 h6 18. Bf4+ Bd6 19. Bxd6+ Rxd6 20. Ne5 Rf8
21. Re3 Nd7 22. Bb5 Ndxe5 23. dxe5 Rdd8 24. Bxc6 bxc6 25. Rd1 Rb8 26. Rf3 c5 27. Rf6 a5 28. Rb1 Kc6 29. Kf1 c4 30. Rf3 cxb3
31. Rxb3 Rxb3 32. axb3 Kc5 33. Ke2 d4 34. Kd3 dxc3 35. Kxc3 Kd5 36. Re3 Rc8+ 37. Kd2 Kd4 38. Rf3 Rc7 39. Re3 Rc5 40. Rf3 Kxe5
41. Rxf7 Rd5+ 42. Kc2 h5 43. Rg7 Kf6 44. Ra7 g5 45. Rh7 g4 46. hxg4 hxg4 47. Rh6+ Kf5 48. Rh5+ Ke4 49. f3+ gxf3 50. gxf3+ Kxf3
51. Rxd5 exd5 52. Kd3 Kf2 53. Kd4 Ke2 54. Kxd5 Kd3 55. Kc5 Kc3=
1/2-1/2

[Event "SPECIFY 7"]
[Site "SchemingMind.com"]
[Date "2014.08.08"]
[Round "-"]
[White "David Perna-Fraser"]
[Black "Helga1946"]
[Result "1-0"]
[WhiteCountry "CAN"]
[BlackCountry "GER"]
[WhiteElo "2011"]
[WhiteRD "112"]
[BlackElo "1989"]
[BlackRD "108"]
[GameID "362767"]

1. e4 c5 2. Nf3 d6 3. d4 cxd4 4. Nxd4 Nf6 5. Nc3 a6 6. f3 e6 7. Be3 b5 8. a3 Bb7 9. Qd2 Be7 10. g4 Nc6
11. g5 Nd7 12. h4 Rc8 13. O-O-O Nxd4 14. Bxd4 O-O 15. Rg1 Ne5 16. Qe3 Nc4 17. Bxc4 Rxc4 18. h5 b4 19. axb4 Rxb4 20. Bf6 Re8
21. Bxe7 Rxe7 22. Qc5 Rb6 23. h6 Rd7 24. Qd4 e5 25. Qf2 Rb4 26. hxg7 Qb6 27. Qxb6 Rxb6 28. Rh1 Kxg7 29. Rh6 Rd8 30. Rdh1 Rg8
31. Rxh7+ Kf8 32. Rh8 a5 33. b3 Rxh8 34. Rxh8+ Ke7 35. Rb8 Rb4 36. Nd5+ Bxd5 37. Rxb4 axb4 38. exd5
1-0